000 00542pab a2200181 454500
008 180718b2013 xxu||||| |||| 00| 0 eng d
100 _aBrancaccio, Emiliano
245 _aSolvency rule versus taylor rule: An alternative interpretation of the relation between monetary policy and the economic crisis
260 _c2013
300 _ap.17-33.
362 _aJan
650 _aEconomic recession
650 _aMonetary policy
700 _aFontana, Giuseppe
773 _aCambridge Journal of Economics
908 _aN
909 _a98909
999 _c98908
_d98908